Statistics for South America Countries

Click here to take the quiz!

General Stats

  • This quiz has been taken 19 times
  • The average score is 9 of 12

Answers on the Map

Answers color-coded by a green-red scale on the quiz's map according to % correct below.
 

Answer Stats

Answer% Correct
Argentina
94%
Brazil
94%
Chile
94%
Bolivia
81%
Columbia
81%
Ecuador
81%
Peru
75%
Uruguay
75%
Guyana
63%
Paraguay
63%
Suriname
63%
Venezuela
63%

Score Distribution

Percentile by Number Answered

Percent of People with Each Score

Your Score History

You have not taken this quiz